| 000 | 00912cam a22002897a 4500 | ||
|---|---|---|---|
| 003 | CHAP | ||
| 005 | 20220329143012.0 | ||
| 008 | 050615d2001 es r 00110 spa d | ||
| 010 | _a90501 | ||
| 011 | _a91473 | ||
| 020 | _a8441511268 | ||
| 035 | _a102032 | ||
| 040 | _cCHAP | ||
| 082 | 0 | 4 |
_a001.6425 _bL45Y |
| 100 | 0 | 0 |
_aLeBlanc, Dee-Ann. _965346 |
| 245 | 1 | 3 |
_aLa biblia de administración de sistemas LINUX _c/ por Dee-Ann LeBlanc |
| 260 |
_aMadrid : _bAnaya multimedia, _c2001. |
||
| 300 | _a864 p. + 1 disco compacto 5 1/4 plgs. | ||
| 590 |
_aBATCH-UPD _b10 _c20130110 _lUCH01 _h0457 |
||
| 590 |
_aCONVERSION _b10 _c20130109 _lUCH01 _h1350 |
||
| 650 | 1 | 4 |
_aLINUX (Sistema operativo) _967014 |
| 650 | 1 | 4 |
_aSistemas operativos (Computadoras) _9106775 |
| 901 | _aBK | ||
| 905 | _aLilia | ||
| 942 | _cLIBRO | ||
| 949 |
_a001.6425 L45Y _bBC _cLIBRO _d33724000958252 _eLIBRO _gI.224058 _h106115 _i102032 _si _t$797.00 |
||
| 999 |
_c90501 _d90501 |
||